000
00274nam a22001097a 4500
999
_c
65235
_d
65232
082
_a
332.6722 Z I A
100
_a
ضیاء اقبال شاھد
245
_a
چھوتی صنتوں میں سرمایہ کاری
260
_a
راولپنڈی
300
_a
۳۱۲
942
_c
BK